40-өөс дээш насны эрэгтэйчүүдийн насжилтын үеийн чөлөөт болон биологийн идэвхитэй тестостероны төвшин: (Бичлэгийн дугаар. 98344)

MARC дэлгэрэнгүй
000 -Удирдлага
Ном зүйн бүртгэл тоо буюу кодлох утгыг агуулсан 01426nam a22002537a 4500
008 - ЕРӨНХИЙ МЭДЭЭЛЭЛ-ЭЛЕМЕНТҮҮДИЙН ӨГӨГДЛИЙН УРТ
fixed length control field 160706b xxu||||| |||| 00| 0 eng d
040 ## - ЭХ СУРВАЛЖИЙГ ТОДОРХОЙЛОН БИЧИХ
Бичлэг хийж нэвтрүүлэх байгууллага 40-өөс дээш насны эрэгтэйчүүдийн насжилтын үеийн чөлөөт болон биологийн идэвхитэй тестостероны төвшин:
041 ## - ХЭЛНИЙ КОД
Текстийн хэлний код/фонограм буюу салангид гарчиг Монгол
Орчуулгын хэл mon
082 ## - ДЬЮИ АРАВТЫН АНГИЛЛЫН ДУГААР
Classification number 362.1
100 ## - ЗОХИОГЧИЙН ХЭСЭГ
Зохиогчийн нэр Оюун-Эрдэнэ Р.
9 (RLIN) 5656
110 ## - ДЭЭД ГАРЧГИЙН МЭДЭЭ
Эрхлэн гаргасан байгууллагын нэр Анагаахын шинжлэх ухааны үндэсний их сургууль
245 ## - ҮНДСЭН ГАРЧИГ
Гарчиг 40-өөс дээш насны эрэгтэйчүүдийн насжилтын үеийн чөлөөт болон биологийн идэвхитэй тестостероны төвшин:
Гарчигт хамааралтай мэдээ Е 720215- Биохими.- АУ-ны магистрын зэрэг горилсон нэг сэдэвт бүтээл.
Оролцогчдын тухай мэдээ /ЭШ-ний удирд. АУ-ны д-р. Ж.Мөнхцэцэг: ЭШ-ний шүүмж. АУ-ны д-р, д/проф. М.Мөнхзол.
260 ## - ГАРАЛТЫН ТУХАЙ МЭДЭЭ
Хэвлэгдсэн газар -УБ.:
Хэвлэлийн газар Эрхэс,
Хэвлэгдсэн он 2012.
300 ## - ТООНЫ МЭДЭЭ
Хуудасны тоо 71х.
650 ## - Сэдэв
Сэдэв Aging
650 ## - Сэдэв
Сэдэв total
650 ## - Сэдэв
Сэдэв free
650 ## - Сэдэв
Сэдэв bioavailable testosterone
650 ## - Сэдэв
Сэдэв free testosterone index
700 ## - ХАМ ЗОХИОГЧИД
Хам зохиогчид Мөнхцэцэг Ж.
9 (RLIN) 4517
700 ## - ХАМ ЗОХИОГЧИД
Хам зохиогчид Мөнхзол М.
9 (RLIN) 3974
942 ## - ЭЛЕМЕНТИЙН ТӨРӨЛ
Төрөл Магистрын ажил
Захиалгууд
Буцаан татагдсан төлөв Хасагдсан шалтгаан Ангиллын нэр Гэмтсэн төлөв Данс заагч Захиалах боломжгүй Үндсэн номын сан Одоогийн байршил Салбар танхим Бүртгэсэн огноо Тавиурын заалт Баркод Үнэ Хамгийн сүүлд байсан огноо Нийт тоологдсон тоо Нийт уншлаганд гарсан тоо Төрөл Уншигчдад зориулсан мэдээлэл
            Эрдэм судлал Эрдэм судлал   2016-07-06 362.1 ATNS-MT00218 5000.00 2017-03-06 592   Магистрын ажил 2017.06.19 | 2018.08.17
            Эрдэм судлал Эрдэм судлал   2018-09-10 362.1 ATNS-CD00277 1000.00 2018-09-10 277   Магистрын ажил